000 01259nam a22002057a 4500
999 _c60226
_d60226
003 Ge_BSU
005 20230620161545.0
008 230620s1975 ge ||||| |||| 00| 0 geo d
041 _ageo
080 _a133.52+811.353.1'01 ე-87
245 _aეტლთა და შვიდთა მნათობთათვის = О знаках зодиака и семи светилах :
_b ასტროლოგიური თხზულება XII საუკუნისა /
_cგამოსცა, წინასიტყვაობა და ენობრივი მიმოხილვა დაურთო აკაკი შანიძემ.
264 _aთბილისი :
_bთბილისის უნივერსიტეტის გამომცემლობა,
_c1975.
300 _a90, [8] გვ. :
_bილ. ;
_c21 სმ.
518 _aრეზ. რუს. ენაზე.
653 _aასტროლოგი
653 _aძველი ქართული ენა
653 _aზოგადი ენათმეცნიერება.
700 _aშანიძე, აკაკი
_eწინასიტყვაობის ავტორი.
_918828
942 _2udc
_cBK